| 000 | 00526nam a22001817i 4500 | ||
|---|---|---|---|
| 999 |
_c23345 _d23345 |
||
| 003 | AR-CdUCM | ||
| 008 | 250804b20192019 pe||||| |||| 00| 0 spa d | ||
| 040 |
_aMUNICIPALIDAD PROVINCIAL DEL CUSCO _cBIBLIOTECA MUNICIPAL DEL CUSCO |
||
| 041 | _hspa | ||
| 082 |
_2 _a869..57 / R24 _bR24 |
||
| 100 |
_aRamos Parque, Elio _946877 |
||
| 245 | _aLuna y Azul | ||
| 260 |
_aCusco : _bINKARI EDITORES _c2019 |
||
| 300 |
_a32 páginas. : _c19x13 cm. |
||
| 650 |
_aLuna y Azul _951320 |
||
| 942 |
_2ddc _cLIBROS |
||
| 945 |
_apbjr _d04-08-2025 |
||